000 00556nam a22002297a 4500
001 86557
003 UA-OsUOA
005 20211105210843.0
007 ta
008 20120906b un ||||| |||| 00| 0 ukr d
040 _aUA-OsUOA
_brus
_cUA-OsUOA
_dUA-OsUOA
041 _arus
080 _a94(470+571)
090 _a94(470+571)
_bГ20
100 _aГарнич Н. Ф.
245 _a1812 год
260 _aМ.
_bГосиздкультпросвет
_c1952
300 _a215 с.
650 7 _a94 Історія
_2UDC
942 _cBK
_2udc
955 _a2
999 _c372654
_d372654